000 00810nam a2200265Ia 4500
003 OSt
005 20220930084306.0
006 a|||||r|||| 00| 0
007 ta
008 220926b |||||||| |||| 00| 0 hin d
024 _a83736
037 _cTheses
040 _aCRL
_cCRL
_bhin
041 _2hin
_ahin
100 _aKakkar Asha
_9537340
110 _aUniversity of Delhi. Faculty of Music and Fine Arts. Department of Music
_9520437
245 0 _aBihari Satsai ka sangeetik moolyankan
260 _c2005
300 _a185p.
_ap.
_ccm.
650 _aMUSIC
_917402
700 _a Prof. Krishna Bisht Gu.
_9528383
700 _aUniversity of Delhi. Faculty of Music and Fine Arts. Department of Music
_9520438
942 _cDIS
_2CC
999 _c876969
_d876969